Vista normal
Vista MARC
Entrada Topical Term
Número de registros utilizados en: 1
001 - CONTROL NUMBER
- control field: 12922
003 - CONTROL NUMBER IDENTIFIER
- control field: OSt
005 - DATE AND TIME OF LATEST TRANSACTION
- control field: 20210131172315.0
008 - FIXED-LENGTH DATA ELEMENTS
- fixed length control field: 210131|| aca||aabn | a|a d
040 ## - CATALOGING SOURCE
- Original cataloging agency: OSt
- Transcribing agency: OSt
150 ## - HEADING--TOPICAL TERM
- Topical term or geographic name entry element: Política laboral.
- Geographic subdivision: Colombia.
- General subdivision: Historia.
- Chronological subdivision: Siglo XX
670 ## - SOURCE DATA FOUND
- Source citation: Work cat.: (OSt)0: Sánchez, Ricardo, autor 2638, ¡Huelga! :, 2009